The Call of the Wild (Record no. 79339)

MARC details
000 -LEADER
fixed length control field 00469nam a22001937a 4500
005 - DATE AND TIME OF LATEST TRANSACTION
control field 20140127114954.0
010 ## - LCCN (DPL NO)
LC control number G-2215
020 ## - INTERNATIONAL STANDARD BOOK NUMBER
International Standard Book Number 9781908357168
Terms of availability 99.00
035 ## - SYSTEM CONTROL NUMBER
System control number G-2215
037 ## - SOURCE OF ACQUISITION
Stock number GIFT
082 ## - DEWEY DECIMAL CLASSIFICATION NUMBER
Classification number S
100 ## - MAIN ENTRY--PERSONAL NAME
Personal name London,Jack
245 ## - TITLE STATEMENT
Title The Call of the Wild
Statement of responsibility, etc by/ Jack London
260 ## - PUBLICATION, DISTRIBUTION, ETC. (IMPRINT)
Place of publication, distribution, etc London
Name of publisher, distributor, etc ibs Book
270 ## - ADDRESS
Address 55, Warren Street,
City London
300 ## - PHYSICAL DESCRIPTION
Extent 108p
Other physical details ill.
Dimensions 24cm(Hb)
942 ## - ADDED ENTRY ELEMENTS (KOHA)
Source of classification or shelving scheme Dewey Decimal Classification
Item type Children Books
Classification part S
Call number prefix LON
Holdings
Withdrawn status Lost status Not for loan Collection code Home library Current library Date acquired Cost, normal purchase price Full call number Barcode Copy number Cost, replacement price Koha item type
      Fiction Sarojini Nagar Sarojini Nagar 13/09/2013 99.00 S G-2215 1 99.00 Children Books

© Delhi Public Library
Hit Counter
free hit counter